00832 a2200157 45000010006000000050017000060080041000230030015000640400040000790800130001192450043002492640029002923000019003215050317003401000017006573338520260407155626.0260407a1971 arg spa dAR-UNSa-BCEJYS aAR-UNSa-BCEJYSbspacAR-UNSa-BCEJYS a658.01xMetodología. Teoría y práctica de la organización( teoria de la organización, análisis organizacional...)10aEl staffpcomo progresar y reorganizar 1aMéxico :bLimusac1971 a181 p.c18 cm. a1. Tendencias modernas - 2. En qué consiste el trabajo del staff - 3. Desarrollo de la dirección - 4. Planificación e implementación de la organización - 5. Planificación directiva - 6. El experto en organización del conjunto de la empresa - 7. Asesoramiento del ejecutivo - 8. El futuro del staff.1 aRichaman, C.